| 000 | 00598nam a2200193Ia 4500 | ||
|---|---|---|---|
| 003 | OSt | ||
| 005 | 20240528165224.0 | ||
| 008 | 210210b2007 xxu||||| |||| 00| 0 eng d | ||
| 040 | _cAL | ||
| 041 | _aKonkani | ||
| 082 | _a891.463 DISJ | ||
| 100 |
_aDISOJA (Devid) _979742 _dಡೇವಿಡ್ ಡಿಸೋಜಾ |
||
| 245 |
_aJagal: prakratik suvadachyo kaniyo _bಜಗಲ್: ಪ್ರಾಕೃತಿಕ್ ಸುವಾದಾಚೊ ಕಾಣಿಯೊ |
||
| 260 |
_aManglur _bRakno Prakashan _c2007 |
||
| 300 | _a84 | ||
| 690 |
_aKonkani Fiction _979743 |
||
| 906 | _a063848 | ||
| 942 |
_2ddc _cBK |
||
| 999 |
_c138985 _d138985 |
||